| 000 | 00417nam a2200133Ia 4500 | ||
|---|---|---|---|
| 008 | 220217s9999||||xx |||||||||||||| ||und|| | ||
| 020 | _a81-7808-769-3 | ||
| 082 | _a004.5 CHA | ||
| 100 |
_aChakraborty, Kanad Mazumder, Pinaki _92663 |
||
| 245 | 0 | _aFault talarance and reliability techniquesfor high density r | |
| 260 |
_aPearson education asia _bNew Delhi _c2002 |
||
| 300 | _b295 | ||
| 650 | _aCOMPUTER SCIENCE | ||
| 999 |
_c170191 _d170191 |
||